Top 10 Stray Kids Albums By Streams - Statistics

General Stats
  • This quiz has been taken 104 times
  • The average score is 7 of 10
Answer Stats
Year Streams Answer % Correct
2023 1.044B 5 Star
89%
2021 1.26B Noeasy
88%
2022 620M Maxident
81%
2023 808M Rock Star
81%
2022 923M Oddinary
79%
2020 1.415B In Life
76%
2024 842M Ate
75%
2020 1.038B Go Live
75%
2022 665M Skz Replay
40%
2020 618M SKZ2020
39%
No matching quizzes found
Score Distribution
Percent of People with Each Score
Percentile by Number Answered
Your Score History
You have not taken this quiz